Goal congruence through transfer pricing system (Record no. 64765)

000 -LEADER
fixed length control field 00952pab a2200157 454500
008 - FIXED-LENGTH DATA ELEMENTS--GENERAL INFORMATION
fixed length control field 180718b2005 xxu||||| |||| 00| 0 eng d
100 ## - MAIN ENTRY--PERSONAL NAME
Personal name Basu, P.C.
245 ## - TITLE STATEMENT
Title Goal congruence through transfer pricing system
260 ## - PUBLICATION, DISTRIBUTION, ETC.
Date of publication, distribution, etc. 2005
300 ## - PHYSICAL DESCRIPTION
Extent p.302-05.
362 ## - DATES OF PUBLICATION AND/OR SEQUENTIAL DESIGNATION
Dates of publication and/or sequential designation Apr
520 ## - SUMMARY, ETC.
Summary, etc. Goal conflicts and sub optimal decisions resulting in lower profit and profitability are more often observed in multi-divisional organisations with interdependency for buying and selling of in-house intermediates. This paper examines various facets of the issue, recommendations of scholars and accounting institutions about the role and effectiveness of Transfer Pricing System as a gool for resolving conflicts and removing sub-optimality in the process of profit optimization. It has brought out the state of affairs in Indian industries based on empirical study. - Reproduced.
650 ## - SUBJECT ADDED ENTRY--TOPICAL TERM
Topical term or geographic name entry element Organizations
773 ## - HOST ITEM ENTRY
Main entry heading Management Accountant
909 ## -
-- 64765
Holdings
Withdrawn status Lost status Damaged status Not for loan Permanent Location Current Location Date acquired Serial Enumeration / chronology Barcode Date last seen Price effective from Koha item type
        Indian Institute of Public Administration Indian Institute of Public Administration 2018-07-19 Volume no: 40, Issue no: 4 AR65217 2018-07-19 2018-07-19 Articles

Powered by Koha